000 03473nam0a2200385 4500
001 RU\NLR\BIBL_A\016215650
005 20230303094104.0
010 _a978-5-89588-301-3
_9100
021 _aRU
_bКН-П-22-072915
_9КН-П-22-6347
035 _a(NLR Aleph) 016215650
035 _a(RuMoRGB)011300152
090 _a12721432
_c12721432
100 _a20221123d2022 u y0rusy50 ca
101 0 _arus
102 _aRU
105 _ay|||j||||||z|
181 1 _ai
_baxxe
182 1 _an
200 1 _aСиндромы, проявляющиеся в тканях пародонта
_eучебное пособие
_eдля обучающихся по специальностям 31.08.73 "Стоматология терапевтическая" и 31.08.72 "Стоматология общей практики"
_fЮ. А. Домбровская, А. Ю. Караева, И. К. Евсеева
_gМинистерство здравоохранения Российской Федерации, Федеральное государственное бюджетное образовательное учреждение высшего образования "Северо-Западный государственный медицинский университет имени И. И. Мечникова" Министерства здравоохранения Российской Федерации (ФГБОУ ВО СЗГМУ им. И. И. Мечникова" Минздрава России), Кафедра стоматологии общей практики
203 _aТекст
_bвизуальный
_cнепосредственный
210 _aСанкт-Петербург
_cИзд-во ФГБОУ ВО СЗГМУ им. И. И. Мечникова Минздрава России
_d2022
215 _a51 с.
_d21
300 _aНа обороте тит. с. авт.: кандидаты мед. наук, доценты Ю. А. Домбровская, А. Ю. Караева, И. К. Евсеева
320 _aБиблиогр.: с. 45-47
330 _aВ учебном пособии представлены сведения о синдромах, проявляющихся в полости рта. Рассмотрены классификация, этиология, патогенез, морфология, диагностика, особенности течения и проявления различных заболеваний в тканях полости рта. Также представлен комплекс лечебных и профилактических мероприятий. Учебное пособие предназначено для обучающихся по специальностям 31.08.73 "Стоматология терапевтическая" и 31.08.72 "Стоматология общей практики"
606 1 _aПародонт
_xБолезни
_xСиндромы
_jУчебные издания для высших учебных заведений
_2nlr_sh2
_3RU\NLR\AUTH\6601719610
675 _a616.314.17(075.8)
_v4
686 1 _aР661.213-32я73
700 1 _aДомбровская
_bЮ.А.
_gЮлия Андреевна
701 1 _aКараева
_bА. Ю.
_gАнна Юрьевна
701 1 _aЕвсеева
_bИ. К.
_gИрина Константиновна
942 _cBOOK
980 _aNB